Cambridgeshire A-Z - Statistics

General Stats
  • This quiz has been taken 12 times
  • The average score is 16 of 26
Answer Stats
Hint Answer % Correct
E City home to the county's only cathedral Ely
100%
T Mathematician and WWII codebreaker who studied at Cambridge Alan Turing
90%
U Publishing house; the oldest of its kind in the world Cambridge {University} {Press}
90%
Q University of Cambridge college Queens' College
90%
Z Pharmaceutical company famous for its Covid vaccine Astra{Zeneca}
80%
J University of Cambridge college Jesus College
80%
X Brat singer born in Cambridge Charli {XCX}
70%
H Nobleman who led fenland resistance to the Norman Conquest {Hereward} the Wake
70%
I Artificial form of fertilisation pioneered by Robert Edwards IVF
70%
K Influential economist from Cambridge John Maynard Keynes
70%
R Kiwi scientist who oversaw the first splitting of an atom in 1932 Ernest Rutherford
60%
F University of Cambridge sketch-comedy troupe Footlights
60%
G Former / alternative name for the River Cam Granta
60%
O Social reformer and National Trust founder from W {Octavia} Hill
60%
A Country house; shares its name with an island Anglesey Abbey
50%
B Famous covered bridge named after a similar bridge in Venice {Bridge} {of} {Sighs}
50%
C Market town near Huntingdonshire Cambourne | Chatteris
50%
Y Modern art gallery in Cambridge Kettle's {Yard}
50%
L Town northeast of E said to have been founded by Cnut Littleport
50%
M Market town on the River Nene March
50%
W Inland port town known for its handsome Georgian architecture Wisbech
50%
D Seven-mile-long Anglo-Saxon earthen barrier Devil's Dyke
40%
N Uncompleted new town projected to have 20,000 residents Northstowe
40%
P Park in central Cambridge; the birthplace of modern football Parker's Piece
40%
V Railway line that once connected Oxford and Cambridge Varsity Line
40%
S Festival held on Midsummer Common Strawberry Fair
30%
No matching quizzes found
Score Distribution
Percent of People with Each Score
Percentile by Number Answered
Your Score History
You have not taken this quiz